|
|
|
|
| LEADER |
01777cas a2200241 a 4500 |
| 001 |
AALejournalIMF018147 |
| 008 |
230101c9999 xx r poo 0 0eng d |
| 020 |
|
|
|c 5.00 USD
|
| 020 |
|
|
|z 9781484334256
|
| 022 |
|
|
|a 1934-7685
|
| 040 |
|
|
|a BD-DhAAL
|c BD-DhAAL
|
| 110 |
2 |
|
|a International Monetary Fund.
|b Western Hemisphere Dept.
|
| 245 |
1 |
0 |
|a Dominica :
|b 2017 Article IV Consultation-Press Release and Staff Report.
|
| 264 |
|
1 |
|a Washington, D.C. :
|b International Monetary Fund,
|c 2017.
|
| 300 |
|
|
|a 1 online resource (69 pages)
|
| 490 |
1 |
|
|a IMF Staff Country Reports
|
| 500 |
|
|
|a <strong>Off-Campus Access:</strong> No User ID or Password Required
|
| 500 |
|
|
|a <strong>On-Campus Access:</strong> No User ID or Password Required
|
| 506 |
|
|
|a Electronic access restricted to authorized BRAC University faculty, staff and students
|
| 520 |
3 |
|
|a This 2017 Article IV Consultation highlights that Dominica's recovery from Tropical Storm Erika (August 2015) has been slower than anticipated, with output growth of 1 percent in 2016, dragged down by a storm-related decline in manufacturing. Moreover, capacity constraints and unfavorable weather slowed public investment more than anticipated. Despite ample liquidity, bank credit to the private sector remains weak, although this is in part relieved by growing lending by credit unions. Growth is projected to accelerate to above 3 percent in 2017-18 on the back of a pickup in public investment and several large-scale private projects with citizenship-by-investment and grant financing.
|
| 538 |
|
|
|a Mode of access: Internet
|
| 830 |
|
0 |
|a IMF Staff Country Reports; Country Report ;
|v No. 2017/391
|
| 856 |
4 |
0 |
|z Full text available on IMF
|u http://elibrary.imf.org/view/journals/002/2017/391/002.2017.issue-391-en.xml
|z IMF e-Library
|